| 000 | 00386nam a22001337a 4500 | ||
|---|---|---|---|
| 999 |
_c535209 _d535209 |
||
| 020 | _a978-8120353190 | ||
| 040 | _cMSOHAIL | ||
| 082 |
_a388 _bSAR |
||
| 100 |
_a Pradip Kumar Joshi, G.J., Maitri, Vinay, Sarkar _929656 |
||
| 245 | _aTransportation Planning: Principles, Practices and Policies - 2nd edition | ||
| 260 |
_aPHI _bIndia _cc2017 |
||
| 300 | _a508;pxv | ||
| 942 |
_2ddc _cBK _e2nd |
||